000 00334nam a2200133Ia 4500
008 220216s9999 xx 000 0 und d
100 _aMydin K K
245 0 _aNannooru parampara inangal oru dasakam pinnidumpol
260 _bRubber
_c2016
300 _a13-Sep
650 _aRRII 400 series
700 _aMeenakumari T
942 _cBS
999 _c49206
_d49206